Share contracts in Malaysian rubber smallholdings (Record no. 68633)

MARC details
000 -LEADER
fixed length control field 00402nam a2200157Ia 4500
100 ## - MAIN ENTRY--AUTHOR NAME
Personal name Chew T A
245 #0 - TITLE STATEMENT
Title Share contracts in Malaysian rubber smallholdings
260 ## - PUBLICATION, DISTRIBUTION, ETC. (IMPRINT)
Name of publisher Land economics
Year of publication 1991
300 ## - PHYSICAL DESCRIPTION
Number of Pages p85-98
500 ## - GENERAL NOTE
General note Source Year: 1991
650 ## - SUBJECT ADDED ENTRY--TOPICAL TERM
Topical Term Rubber smallholdings
650 ## - SUBJECT ADDED ENTRY--TOPICAL TERM
Topical Term Share contract
856 ## - ELECTRONIC LOCATION AND ACCESS
Uniform Resource Identifier WAERA
942 ## - ADDED ENTRY ELEMENTS (KOHA)
Koha item type Journals
Holdings
Withdrawn status Lost status Damaged status Not for loan Home library Current library Date acquired Serial Enumeration / chronology Koha item type
      Journals RRII Library RRII Library 17/12/2021 Volume 67, Issue 1 Journals